[Event "Candidates m2"]
[Site "Riga"]
[Date "1991.??.??"]
[Round "4"]
[White "Yudasin, Leonid"]
[Black "Ivanchuk, Vassily"]
[Result "0-1"]
[WhiteElo "2645"]
[BlackElo "2695"]
[Annotator "Schussler,H"]
[PlyCount "108"]
[EventDate "1991.01.??"]
[EventType "match"]
[EventRounds "5"]
[EventCountry "LAT"]
[SourceTitle "Candidates"]
[Source "ChessBase"]
[SourceDate "1999.07.01"]
[SourceVersion "2"]
[SourceVersionDate "1999.07.01"]
[SourceQuality "1"]

1. e4 e5 2. Nf3 Nc6 3. Bb5 a6 4. Ba4 Nf6 5. O-O Be7 6. Re1 b5 7. Bb3 d6 8. c3
O-O 9. h3 Bb7 10. d3 Re8 11. Ng5 Rf8 12. Nd2 (12. f4 $6 exf4 13. Bxf4 Na5 14.
Bc2 Nd5 $1 15. exd5 Bxg5 16. Bxg5 Qxg5 $15) 12... Na5 13. Bc2 c5 14. Nf1 h6 15.
Nf3 Re8 16. N3h2 $6 (16. Ng3 Bf8 17. d4) 16... d5 17. Qf3 dxe4 $6 (17... Bf8)
18. dxe4 Nc4 19. Ng3 Nd6 $10 20. Be3 $6 (20. Rd1 Qc7 21. Ng4 Nxg4 22. Qxg4 Kh8
23. f4 $36) 20... Qc7 21. Ng4 Nxg4 22. Qxg4 Kh8 23. a4 (23. f4 Nc4 $1) (23.
Rad1 $5) 23... Bf8 24. h4 Bc8 25. Qh5 $6 Rb8 26. axb5 axb5 27. Qf3 Be6 28. Nf5
Qc6 $1 29. Red1 Ra8 30. Rxa8 Rxa8 31. Qg3 Nc4 32. Bc1 Qc7 33. h5 b4 34. cxb4
cxb4 35. Bb3 (35. Nd4 $1 $13) 35... Ra1 36. Kh2 $2 (36. Nd4 $1 Na5 (36... Bd7
$2 37. Nc2 Nxb2 38. Qf3 $1) 37. Nxe6 fxe6 38. Bd2 Rxd1+ 39. Bxd1 Qd6 40. Qf3 $1
$10) 36... Bxf5 $1 $17 37. exf5 Na5 $19 38. Bc2 Qxc2 39. Rd8 Qxf5 40. Rxf8+ Kh7
41. Bd2 Rd1 42. Bxb4 Rd4 $1 43. Be1 {43.Bxa5 Qxh5 - +} Qxh5+ 44. Kg1 Rd1 45. f3
Nc4 46. Qf2 Nxb2 47. g4 Qg6 48. Qxb2 Rxe1+ 49. Kf2 Rb1 50. Qxe5 Qb6+ 51. Kg3
Qg1+ 52. Kh3 Qh1+ 53. Kg3 Rg1+ 54. Kf4 g5+ 0-1

[Event "London WFW"]
[Site "London"]
[Date "1990.??.??"]
[Round "?"]
[White "Wolff, Patrick G"]
[Black "Hebden, Mark"]
[Result "1-0"]
[WhiteElo "2500"]
[BlackElo "2530"]
[Annotator "Schussler,H"]
[PlyCount "116"]
[EventDate "1990.04.??"]
[EventType "tourn"]
[EventRounds "13"]
[EventCountry "ENG"]
[EventCategory "11"]
[SourceTitle "CBM 018"]
[Source "ChessBase"]
[SourceDate "1990.10.01"]
[SourceVersion "1"]
[SourceVersionDate "1990.10.01"]
[SourceQuality "1"]

1. e4 e5 2. Nf3 Nc6 3. Bb5 a6 4. Ba4 Nf6 5. O-O Be7 6. Re1 b5 7. Bb3 O-O 8. c3
d6 9. h3 a5 10. d4 a4 11. Bc2 Bd7 12. Bd3 $1 {A new and logical idea. White
attacks Black`s weakened Kingsside. while main- taining the center as a
shelter.} Qb8 (12... Rb8 13. Na3 b4 14. Nc4 $14 {(Patrick Wolff)}) 13. Na3 b4
14. Nc4 bxc3 15. bxc3 exd4 16. cxd4 d5 17. Nce5 $1 Nb4 (17... Nxe5 18. dxe5
Nxe4 19. Bxe4 dxe4 20. Qxd7 Bb4 21. Rxe4 Bc3 22. Bh6 Bxa1 23. Rg4 Qb1+ 24. Kh2
g6 25. Bxf8 $16 {(Wolff)}) 18. exd5 Nbxd5 19. Nxd7 Nxd7 20. Ne5 Nxe5 21. dxe5
c6 22. Qc2 g6 23. Qxc6 Nb4 24. Qf3 Nxd3 25. Qxd3 Rd8 26. Qf3 Qb6 27. e6 $5 fxe6
28. Bh6 e5 29. Rac1 Qe6 30. Rc7 Rac8 31. Ra7 a3 32. Qb7 Re8 33. Rxa3 $18 Rb8
34. Ra6 Rxb7 35. Rxe6 Ra8 36. R6xe5 Kf7 37. R5e2 Rba7 38. Re3 {38.Rc2!?} Bf6
39. Rb1 Re7 {39. - Rxa2 is better.} 40. Rxe7+ Bxe7 41. Rb7 Ke6 42. Rb2 Bf6 43.
Re2+ Kd5 44. Bf4 g5 45. Rd2+ Ke4 46. Be3 h5 47. Rc2 Ra5 48. Kf1 Kd3 49. Rd2+
Ke4 50. Ke2 g4 51. hxg4 hxg4 52. Rc2 Ra4 53. g3 Be7 54. Bc1 Bf6 55. a3 Bd4 56.
Rc8 Ra6 57. Rg8 Re6 58. Rxg4+ Kd5+ 1-0

[Event "Interzonal-15"]
[Site "Manila"]
[Date "1990.??.??"]
[Round "5"]
[White "Popovic, Petar"]
[Black "Salov, Valery"]
[Result "1-0"]
[WhiteElo "2520"]
[BlackElo "2655"]
[Annotator "Schussler,H"]
[PlyCount "113"]
[EventDate "1990.06.29"]
[EventType "swiss"]
[EventRounds "13"]
[EventCountry "PHI"]
[SourceTitle "CBM 019"]
[Source "ChessBase"]
[SourceDate "1990.12.01"]
[SourceVersion "1"]
[SourceVersionDate "1990.12.01"]
[SourceQuality "1"]

1. e4 e5 2. Nf3 Nc6 3. Bb5 a6 4. Ba4 Nf6 5. O-O Be7 6. Re1 b5 7. Bb3 d6 8. c3
O-O 9. h3 Nd7 10. d4 Nb6 11. Nbd2 Bf6 12. Nf1 Re8 13. N1h2 exd4 14. cxd4 Na5
15. Bc2 c5 16. b3 (16. Ng4 Bxg4 17. hxg4 cxd4 18. g5 Be5 19. Nxd4 g6 $10 {
Smirin-Balasjov, Soviet championship 1989}) 16... Nc6 17. Bb2 Ra7 18. e5 dxe5
19. dxc5 Nd5 20. Ng4 Bxg4 21. hxg4 g6 22. Nd2 Ndb4 23. Ne4 Nxc2 24. Qxc2 Be7
25. Qe2 f6 26. Rad1 Rd7 27. Qf3 Rxd1 28. Rxd1 Nd4 29. Bxd4 exd4 30. Nd6 $18
Bxd6 31. Qd5+ Kg7 32. cxd6 Qd7 33. Qxd4 Re6 34. b4 h5 35. g5 Kf7 36. gxf6 Rxf6
37. Qb6 h4 38. Qxa6 h3 39. gxh3 Qxh3 40. Qb7+ Kg8 41. Qd5+ Kg7 42. Qd4 Qd7 43.
Rd3 Kf7 44. Qh4 Rxd6 45. Qh7+ Ke8 46. Qh8+ Ke7 47. Qe5+ Qe6 48. Re3 Kf7 49.
Qxb5 Qg4+ 50. Kh2 Qh4+ 51. Kg2 Qg4+ 52. Rg3 Qe4+ 53. Rf3+ Kg7 54. Qg5 Ra6 55.
b5 Rxa2 56. Qf6+ Kh6 57. Kh2 1-0

[Event "Interzonal-15"]
[Site "Manila"]
[Date "1990.??.??"]
[Round "10"]
[White "Sokolov, Andrei"]
[Black "Hjartarson, Johann"]
[Result "1/2-1/2"]
[WhiteElo "2570"]
[BlackElo "2520"]
[Annotator "Schussler,H"]
[PlyCount "89"]
[EventDate "1990.06.29"]
[EventType "swiss"]
[EventRounds "13"]
[EventCountry "PHI"]
[SourceTitle "CBM 019"]
[Source "ChessBase"]
[SourceDate "1990.12.01"]
[SourceVersion "1"]
[SourceVersionDate "1990.12.01"]
[SourceQuality "1"]

1. e4 e5 2. Nf3 Nc6 3. Bb5 a6 4. Ba4 Nf6 5. O-O Be7 6. Re1 b5 7. Bb3 d6 8. c3
O-O 9. h3 Bb7 10. d4 Re8 11. Ng5 Rf8 12. Nf3 Re8 13. Nbd2 Bf8 14. a4 h6 15. Bc2
exd4 16. cxd4 Nb4 17. Bb1 c5 18. d5 Nd7 19. Ra3 f5 (19... c4) 20. exf5 (20. e5
$142 $1) 20... Nf6 21. Rxe8 $5 (21. Nh2) (21. Ne4) 21... Qxe8 22. Nh4 Bxd5 (
22... Nbxd5 $142) 23. Ng6 Qf7 24. Nf1 bxa4 25. Qxa4 (25. Rg3 Bb3 26. Qd2 Qd5
27. Qf4 Qd4 $13) 25... Be4 $10 (25... Bc6 {/\ 26. Qd1 Qd5} 26. Qa5 $5) 26. Bxe4
Nxe4 27. Ng3 Re8 (27... Nxg3 28. Rxg3 Qxf5 29. Bxh6 Qb1+ 30. Kh2 gxh6 31. Qd7
$18) 28. Bf4 Nxg3 (28... d5 29. Ne5 Qe7 30. Nxe4 dxe4 31. Rg3 $16) 29. Rxg3
Re1+ 30. Kh2 Qxf5 31. Bd2 Re2 (31... Rf1 $1 32. Qe8 Qxf2 33. Be3 Qe1 34. Qe6+
Kh7 35. Nxf8+ Kh8 $10) 32. Bc3 Nd5 33. Nxf8 Nxc3 34. bxc3 Qxf2 (34... Kxf8 $2
35. Rf3 $18) (34... Qxf8 $2 35. Qc4+) 35. Ng6 (35. Qg4 $142 $1 $18) 35... Re1
36. Rf3 Qg1+ 37. Kg3 Re3 38. Qc4+ $6 Kh7 39. Nf8+ Kh8 40. Ng6+ Kh7 41. Nh4 (41.
Nf4 Qe1+ 42. Kg4 $18) 41... Qe1+ 42. Kh2 Re4 43. Qd5 Qxh4 44. Qf5+ Kh8 45. Qf8+
1/2-1/2

[Event "New York Manhattan"]
[Site "New York"]
[Date "1990.??.??"]
[Round "1"]
[White "Geller, Efim P"]
[Black "Brooks, Michael A"]
[Result "1-0"]
[WhiteElo "2515"]
[BlackElo "2460"]
[Annotator "Schussler,H"]
[PlyCount "83"]
[EventDate "1990.04.??"]
[EventType "tourn"]
[EventRounds "9"]
[EventCountry "USA"]
[EventCategory "10"]
[SourceTitle "CBM 019"]
[Source "ChessBase"]
[SourceDate "1990.12.01"]
[SourceVersion "1"]
[SourceVersionDate "1990.12.01"]
[SourceQuality "1"]

1. e4 e5 2. Nf3 Nc6 3. Bb5 a6 4. Ba4 Nf6 5. O-O Be7 6. Re1 b5 7. Bb3 d6 8. c3
O-O 9. h3 Bb7 10. d4 Re8 11. Nbd2 Bf8 12. a4 g6 13. d5 Nb8 14. axb5 axb5 15.
Rxa8 Bxa8 16. c4 $1 $14 c6 17. dxc6 b4 18. c5 $1 dxc5 19. Ng5 Re7 20. Bxf7+ $1
Kh8 (20... Rxf7 21. Qb3 Qe8 22. Nxf7 Qxf7 23. Qxf7+ Kxf7 24. c7 $18) 21. Bb3
Nxc6 22. Nf7+ Rxf7 23. Bxf7 $18 Nd4 24. Bc4 Bg7 25. Qa4 Bc6 26. Qa7 Qf8 27. Qc7
h6 28. Nf3 Nxe4 29. Be3 Nxf3+ 30. gxf3 Nd2 31. Qxc6 Nxc4 32. Ra1 Qf7 33. Qxc5
Qe6 34. Ra8+ Kh7 35. Ra7 Nxe3 36. Qxe3 Qf5 37. Kg2 h5 38. Rb7 Qc8 39. Rxb4 Bf6
40. Qe4 Kh6 41. Rb6 Qc1 42. h4 1-0

[Event "Belgrade Investbank"]
[Site "Belgrade"]
[Date "1989.11.??"]
[Round "3"]
[White "Popovic, Petar"]
[Black "Nikolic, Predrag"]
[Result "1/2-1/2"]
[WhiteElo "2550"]
[BlackElo "2600"]
[Annotator "Schussler,H"]
[PlyCount "39"]
[EventDate "1989.11.??"]
[EventType "tourn"]
[EventRounds "11"]
[EventCountry "YUG"]
[EventCategory "15"]
[SourceTitle "CBM 016"]
[Source "ChessBase"]
[SourceDate "1990.06.01"]
[SourceVersion "1"]
[SourceVersionDate "1990.06.01"]
[SourceQuality "1"]

1. e4 e5 2. Nf3 Nc6 3. Bb5 a6 4. Ba4 Nf6 5. O-O Be7 6. Re1 b5 7. Bb3 O-O 8. c3
d6 9. h3 Be6 10. d4 Bxb3 11. Qxb3 d5 12. exd5 Na5 13. Qc2 exd4 14. cxd4 Nxd5
15. Nc3 c6 16. Ne4 Rc8 17. b3 (17. Nc5 $1 Bxc5 18. Ng5 $1 Nf6 19. dxc5 Qd5 20.
Bf4 $14 {Judit Polgír-Schüssler, Denmark 1989}) 17... Nb7 18. Bd2 {18. Bg5 is
more testing.} c5 $1 $10 19. dxc5 Nxc5 20. Rad1 1/2-1/2

[Event "Tbilisi"]
[Site "Tbilisi"]
[Date "1991.??.??"]
[Round "?"]
[White "Arakhamia Grant, Ketevan"]
[Black "Kachiani Gersinska, Ketino"]
[Result "1-0"]
[WhiteElo "2440"]
[BlackElo "2345"]
[Annotator "Schussler,H"]
[PlyCount "85"]
[EventDate "1991.05.??"]
[EventType "tourn"]
[EventRounds "11"]
[EventCountry "GEO"]
[EventCategory "9"]
[SourceTitle "CBM 024"]
[Source "ChessBase"]
[SourceDate "1991.10.01"]
[SourceVersion "1"]
[SourceVersionDate "1991.10.01"]
[SourceQuality "1"]

1. e4 e5 2. Nf3 Nc6 3. Bb5 a6 4. Ba4 Nf6 5. O-O Be7 6. Re1 b5 7. Bb3 d6 8. c3
O-O 9. h3 Bb7 10. d4 Re8 11. Nbd2 Bf8 12. a4 h6 13. Bc2 exd4 14. cxd4 Nb4 15.
Bb1 g6 16. Ra3 Bg7 17. Nh2 c5 18. d5 Nd7 $5 {When Nunn introduced 16.Ra3 in
his game versus Razuvaev in Dortmund 1991 18. - c4 was played.} 19. Ndf1 bxa4
20. Ng4 Kh7 21. Rxa4 Qe7 22. Nfe3 Nb6 23. Ra3 a5 24. Qf3 Bc8 25. Kh2 Bd7 $2 26.
Nf5 $1 Bxf5 27. exf5 Qxe1 28. fxg6+ fxg6 29. Qf7 $16 Qxc1 30. Qxg6+ Kg8 31.
Qh7+ (31. Rf3 Qxb1 32. Nf6+ Kh8 $1 $13) 31... Kf8 32. Rf3+ Ke7 33. Qxg7+ Kd8
34. Qb7 N4xd5 35. Bg6 Rg8 36. Bf7 Rg7 37. Qc6 Qg5 38. Ne3 Nc7 39. Qxb6 Kd7 40.
Bb3 a4 41. Bc2 Ra6 42. Qb7 d5 43. Rg3 1-0

[Event "New York WFW"]
[Site "New York"]
[Date "1990.??.??"]
[Round "?"]
[White "Wolff, Patrick G"]
[Black "Averbakh, Yuri L"]
[Result "1-0"]
[WhiteElo "2540"]
[BlackElo "2450"]
[Annotator "Schussler,H"]
[PlyCount "72"]
[EventDate "1990.09.??"]
[EventType "tourn"]
[EventRounds "9"]
[EventCountry "USA"]
[EventCategory "11"]
[SourceTitle "CBM 020"]
[Source "ChessBase"]
[SourceDate "1991.02.01"]
[SourceVersion "1"]
[SourceVersionDate "1991.02.01"]
[SourceQuality "1"]

1. e4 e5 2. Nf3 Nc6 3. Bb5 a6 4. Ba4 Nf6 5. O-O Be7 6. Re1 b5 7. Bb3 d6 8. c3
O-O 9. h3 Be6 10. Bxe6 $5 {This straightforward line is perhaps underestimated.
With simple play Wolff succeds in achieving a positional grip. Black`s main
problem originates from the weakness b5.} fxe6 11. d4 Qd7 {11. - Qe8!?,
Boleslavski-Keres, Soviet (mch) 1941.} 12. Nbd2 (12. dxe5 dxe5 13. Qxd7 Nxd7
14. Be3 Nc5 15. Bxc5 Bxc5 16. Nbd2 {White has very little.
Boleslavkij-Botvinnik, Moskau 1947.}) 12... Rad8 13. a4 Rb8 14. Nb3 exd4 15.
axb5 $14 Rxb5 16. Nbxd4 Nxd4 17. Nxd4 Rb6 18. Qe2 c5 19. Nf3 Qb5 20. e5 Qxe2
21. Rxe2 dxe5 22. Nxe5 Rd8 23. Bg5 Rbd6 24. Nc4 Rd1+ 25. Re1 Rxe1+ 26. Rxe1 Kf7
27. Ra1 Ra8 28. Kf1 Nd7 29. Bf4 Bd8 30. Rd1 Ra7 31. Rd6 a5 32. Ke2 a4 33. Rc6
Kf6 34. Kd3 g5 35. Bc1 Be7 36. Be3 h5 $16 {Time} 1-0

[Event "Tilburg"]
[Site "Tilburg"]
[Date "1990.09.16"]
[Round "8"]
[White "Timman, Jan H"]
[Black "Nikolic, Predrag"]
[Result "1/2-1/2"]
[WhiteElo "2660"]
[BlackElo "2600"]
[Annotator "Schussler,H"]
[PlyCount "127"]
[EventDate "1990.09.??"]
[EventType "tourn"]
[EventRounds "14"]
[EventCountry "NED"]
[EventCategory "16"]
[SourceTitle "CBM 020"]
[Source "ChessBase"]
[SourceDate "1991.02.01"]
[SourceVersion "1"]
[SourceVersionDate "1991.02.01"]
[SourceQuality "1"]

1. e4 e5 2. Nf3 Nc6 3. Bb5 a6 4. Ba4 Nf6 5. O-O Be7 6. Re1 b5 7. Bb3 O-O 8. c3
d6 9. h3 Be6 10. d4 Bxb3 11. Qxb3 d5 12. exd5 Na5 13. Qc2 exd4 14. cxd4 Nxd5
15. Nc3 c6 16. Ne4 Rc8 17. Nc5 Bxc5 18. dxc5 (18. Ng5 $5 Nf6 19. dxc5 Qd5 20.
Bf4 Rfe8 21. Rad1 Qxa2 22. Be5 $16 {Polgar,J-Schüssler,H, Denmark 1989.}) 18...
Qf6 $10 19. Bg5 Qg6 20. Qxg6 hxg6 21. b3 Nb7 22. Rac1 Rfe8 23. Rxe8+ Rxe8 24.
Nd4 Nb4 25. Bd2 Re4 26. Nf3 Nd5 27. a4 bxa4 28. bxa4 f6 29. a5 Ra4 30. Rb1 Nxa5
31. Rb8+ Kf7 32. Rc8 Ne7 33. Rc7 Nb3 34. Be3 a5 $19 35. g3 Ke6 36. Nd2 Nd4 37.
Kg2 Nd5 38. Rc8 Kd7 39. Ra8 Ne6 40. Ra7+ Nec7 41. Kf3 Kc8 42. Nb3 Ra3 43. Nxa5
Nb5 44. Rxg7 Rxa5 45. Rxg6 Kd7 46. h4 Ke7 47. h5 Nxe3 48. fxe3 Kf7 49. Rh6 Nc3
50. Rh7+ Kg8 51. Rc7 Rxc5 52. h6 Nd5 53. Rg7+ Kh8 54. e4 Nb4 55. Rf7 Rh5 56.
Rxf6 Kh7 57. Ke3 c5 58. Kd2 Re5 59. Rf5 $1 $10 Nc6 60. Kd3 Rxf5 61. exf5 Ne5+
62. Ke4 Nd7 63. Kd5 Kxh6 64. g4 {2.59-3.02} 1/2-1/2

[Event "Gibraltar Masters 14th"]
[Site "Caleta"]
[Date "2016.02.03"]
[Round "9"]
[White "Sethuraman, SP."]
[Black "Wojtaszek, Radoslaw"]
[Result "1-0"]
[WhiteElo "2639"]
[BlackElo "2727"]
[Annotator "Sethuraman,SP"]
[PlyCount "73"]
[EventDate "2016.01.26"]
[EventType "swiss"]
[EventRounds "10"]
[EventCountry "GGB"]
[SourceTitle "CBM 171"]
[Source "ChessBase"]
[SourceDate "2016.03.14"]
[SourceVersion "2"]
[SourceVersionDate "2016.03.14"]
[SourceQuality "1"]

{The ninth round. I was half a point behind the leaders along with many others.
So it was a crucial round for me since I had the white pieces!} 1. e4 e5 {
Not a big suprise as my opponent had already shifted to 1...e5 in the seventh
round in this tournament from his favourite Najdorf. Nevertheless I didn't
check it too much expecting he would get back to his Najdorf.} 2. Nf3 Nc6 3.
Bb5 a6 4. Ba4 Nf6 5. O-O Be7 6. Re1 b5 7. Bb3 d6 8. c3 O-O 9. h3 Bb7 {The
interesting Zaitsev Defense is not seen too often nowadays. Perhaps it is time
to make it fashionable.} 10. d4 Re8 11. Nbd2 Bf8 12. a3 g6 (12... h6 13. Bc2 {
leads to different kinds of positions.}) 13. Ba2 Bg7 {Luckily enough I checked
this exact variation the day before with the black pieces while preparing for
Yu Yangyi and found an interesting idea for White in the process with 14.Qc2!?.
That's the advantage of having a broad repertoire you can use it for either
side.} 14. Qc2 $5 {A interesting idea overprotecting the e4 pawn} (14. b4 exd4
15. cxd4 a5 16. Qb3 (16. bxa5) 16... Qd7 17. Bb2 axb4 18. axb4 (18. d5 bxa3 19.
dxc6 Bxc6 20. Bxa3 Nxe4 $13) 18... Ra4 $1 {and Black had no problems:} 19. Bc3
Nh5 20. e5 Nf4 21. exd6 Rxe1+ 22. Rxe1 cxd6 23. d5 Ne5 24. Bxe5 dxe5 25. Nxe5
Qxd5 26. Qxd5 Bxd5 27. Bxd5 Nxd5 28. Nc6 Nxb4 $17 {0-1 (68) Perez Ponsa,F 
(2577)-Wojtaszek Radoslaw (POL) (2727) Caleta ENG 2016}) 14... Qd7 15. b4 exd4
16. cxd4 a5 17. bxa5 Nxa5 (17... Rxa5 {is not a logical way to recapture and
here White has many promising alternatives:} 18. d5 (18. Bb2) (18. e5)) 18. Rb1
{Moving away from the g7-a1 diagonal as well as putting pressure on the b-file
and the b5-pawn.} Qc6 19. Qd1 $1 {Avoiding the exchange of queens. Now White
threatens to play d5, questioning the position of the queen on c6.} d5 20. Ne5
Qa6 {Placing the queen on a6 looks strange at first sight but it has a deep
idea} (20... Qb6 21. Ndf3 $1 {was my idea} Nxe4 ({and here} 21... Nc4 {is not
possible as in the case of 20...Qa6 because of the pin Rb1-Qb6} 22. Nxc4 dxc4
23. Bxc4) 22. Rxe4 dxe4 23. Bxf7+ Kh8 24. Ng5 $16) 21. a4 (21. Ndf3 Nc4 {
The point of ...Qa6!}) 21... Nc4 $6 {The only mistake in the whole game after
which Black was not able to recover.} (21... bxa4 $1 {was the right way} 22.
Qxa4 Nc4 23. Qxa6 Bxa6 24. Ndxc4 Bxc4 $1 (24... dxc4 25. f3 $14) 25. Bxc4 dxc4
26. f3 c5 $1 27. Nxc4 cxd4 {White has a small edge because of the pawn
structure and Black has to defend this endgame for long hours.}) 22. Rxb5 Nxd2
(22... Nd6 23. Rb4 dxe4 24. Nxf7 $1 (24. Nb3 Bd5 25. Nc5) 24... Nxf7 25. Bc4
Qa7 26. Qb3 $16) 23. Bxd2 Qxa4 24. Qxa4 Rxa4 25. Bb3 Rxd4 26. Nf3 $1 {My
opponent missed this knight retreat while playing 21...Nc4.} Rxd2 27. Nxd2 Ba8
28. Rc5 $1 {Provoking c7-c6 so that the bishop on a8 will be locked in without
space to manoeuvre.} (28. e5 {was also possible} Nd7 (28... c6 29. Ra5 Nd7 30.
Ra7 Nxe5 (30... Nc5 31. Bc2 $16) 31. Rea1 {[%csl Ra8]}) 29. Bxd5 c6 {and here
I missed the beautiful tactics with} 30. e6 fxe6 31. Rxe6 $1 $16) 28... c6 (
28... Bh6 29. Nf3 $1 dxe4 (29... Nxe4 30. Bxd5 $16) 30. Ne5 (30. Rxc7) 30...
Re7 31. Ra1 $16) 29. Ra5 Bh6 30. Nf1 $1 {And Black is in huge trouble.} Bf8 31.
Rea1 Bb7 32. exd5 cxd5 33. Rd1 {With the idea of Ne3 stopping Black's advance
of the d-pawn.} (33. Ne3 d4 34. Nc4) (33. Rc1 Bd6) 33... Ne4 34. Rc1 $1 Bc5 35.
Raxc5 Nxc5 36. Rxc5 Re1 37. Bxd5 {37...Ba6 is met by 38.Bc4. My opponent
resigned here. I was very happy to win this game showing good opening
preparation against a strong theoretician himself and good technique without
any mistakes. This win helped me to get into the lead along with a pack of 8
people before the thrilling final of the Gibraltar Open.} 1-0

[Event "Madrid"]
[Site "Madrid"]
[Date "1996.05.17"]
[Round "8"]
[White "Shirov, Alexei"]
[Black "Morozevich, Alexander"]
[Result "1-0"]
[WhiteElo "2690"]
[BlackElo "2625"]
[Annotator "Shirov,A"]
[PlyCount "103"]
[EventDate "1996.05.08"]
[EventType "tourn"]
[EventRounds "9"]
[EventCountry "ESP"]
[EventCategory "17"]
[SourceTitle "CBM 053"]
[Source "ChessBase"]
[SourceDate "1996.08.01"]
[SourceVersion "1"]
[SourceVersionDate "1996.08.01"]
[SourceQuality "1"]

1. e4 e5 2. Nf3 Nc6 3. Bb5 a6 4. Ba4 Nf6 5. O-O Be7 6. Re1 b5 7. Bb3 d6 8. c3
O-O 9. h3 Bb7 10. d4 Re8 11. Ng5 Rf8 12. Nf3 Re8 13. Nbd2 Bf8 14. a4 h6 15. Bc2
exd4 16. cxd4 Nb4 17. Bb1 c5 18. d5 Nd7 19. Ra3 g6 20. Nh2 Bg7 21. Ndf3 Nb6 $6
$146 (21... Nf6) 22. Ng4 $1 Kh7 (22... Nxa4 23. Bxh6 $1 $40) (22... h5 23. Bg5
$3 f6 (23... Qc7 24. Nf6+ Bxf6 25. Bxf6 $16) 24. Nh6+ Kh7 (24... Bxh6 25. Bxh6
{/\ 26.e5+-}) 25. e5 $3 fxg5 (25... Bxh6 26. Bxf6 Qc8 27. Bxg6+ $18) (25...
dxe5 26. Bxg6+ Kxg6 27. Qb1+ e4 28. Rxe4 $18) 26. Nf7 Qe7 27. N3xg5+ Kg8 28.
Bxg6 Bxd5 29. Qxh5 $18 Nc4 $140 30. Rf3 Bxf3 31. Nh6+ Bxh6 32. Bf7+) (22... Nc4
$6 23. Bxh6 $16) 23. axb5 $1 (23. Qd2 Nc4 24. Qf4 Nxd5 $1 (24... Nxa3 $2 25.
Nxh6 $3 Nxb1 26. Ng5+ Qxg5 27. Qxg5 Nd3 (27... Re5 28. Qh4 Rh5 29. Qe7 $18) 28.
Qh4 $1 Nxe1 29. Nxf7+ Kg8 30. Ng5 Re7 31. Qh7+ Kf8 32. Qxg6 Nd3 33. Ne6+ Kg8
34. Bh6 $18) 25. exd5 Rxe1+ 26. Nxe1 Qe7 $5 (26... Nxa3 27. Qxf7 Nxb1 28. Bxh6
Qf8 29. Qxb7 Re8 30. Nf3 Qe7 31. Ng5+ Kg8 32. Qc6 $1 $44) 27. Re3 Nxe3 28. Bxe3
$13) 23... Bc8 $5 (23... axb5 24. Rxa8 Bxa8 25. Qd2 $1 h5 26. Nh6 $1 f6 27. Qf4
$1 Qd7 28. e5 $1 dxe5 29. Bxg6+ $1 Kxg6 30. Qe4+ f5 31. Nxf5 Bxd5 32. N5h4+ Kf7
33. Qg6+ $16) 24. bxa6 $16 Ra7 25. b3 $5 Bxg4 26. hxg4 Kg8 27. g5 h5 28. Bd3
Qd7 29. Bf4 $5 Bb2 30. Ra5 Qd8 31. Bb5 $1 Ree7 32. Qd2 N6xd5 33. exd5 Qxa5 $6 (
33... Rxe1+ 34. Qxe1 Qxa5 35. Qe8+ Kh7 36. Bxd6 Nxa6 37. Bc4 (37. Bd7 $5) 37...
Bg7 38. Be7 $16) 34. Rxe7 Rxe7 35. Bxd6 Re4 $6 (35... Qa1+ 36. Kh2 Bc1 37. Qxb4
$1 cxb4 38. Bxe7 $16) 36. Qxb2 Qxb5 37. a7 $4 (37. Bf8 Kxf8 38. Qh8+ Ke7 39. a7
$18) 37... Re8 38. Qd2 $6 (38. Bb8 Rxb8 39. axb8=Q+ Qxb8 40. Qe5 Qxe5 41. Nxe5
Nxd5 42. Nd7 $16) 38... Ra8 39. Bc7 $1 Rxa7 40. d6 Ra1+ (40... Ra2 41. Qe1) 41.
Kh2 Ra2 42. Qe1 $1 Nd5 (42... Re2 43. Qd1 $1 $16) (42... Qe2 43. Qxe2 Rxe2 44.
d7 Nc6 45. Ne5 Rd2 46. Nxc6 Rxd7 47. Bf4 $3 (47. Be5 Rd3 48. Na5 Kf8 $14) 47...
Rb7 (47... Rd3 48. Na5 Kf8 49. Be3 Rc3 50. Kg3 Ke7 51. Kf4 Ke6 52. Ke4 $18) 48.
Na5 Rb5 49. Bd2 $18) (42... Nd3 43. Qe7 Nxf2 44. d7 $18) (42... Ra8 43. Ne5 Nd5
(43... Re8 $2 44. Qe4 $18) 44. Qd1 $1 (44. Nxg6 Re8 45. Qd1 Nxc7 46. Qxh5 fxg6
47. Qxg6+ Kh8 $10) 44... Qb4 $3 (44... Nxc7 $2 45. dxc7 $18) 45. Nc4 $1 (45. d7
Qf4+ 46. Kg1 h4 $1 $10) 45... Qb7 46. Qf3 Re8 47. Ne3 $1 (47. Nb6 Re5 $132)
47... Re5 48. g3 $1 Rxg5 (48... Rxe3 49. fxe3 Qc6 50. Qe4 $1 $18) 49. d7 Qxc7
50. Nxd5 Rxd5 51. Qxd5 Qd8 52. Qc6 $18) 43. Qe4 $1 $18 Nxc7 44. dxc7 Qd7 45.
Qb7 Qd6+ 46. Kh1 Ra1+ 47. Ng1 Qd1 48. c8=Q+ Kg7 49. Kh2 $8 Qxg1+ 50. Kg3 h4+ (
50... Rf1 51. Qxc5 $18) (50... Rd1 51. Qa6 $1 h4+ 52. Kf3 $18) 51. Kg4 $1 Rf1
$6 (51... Qxf2 52. Qf3 Qd4+ (52... Qxf3+ 53. gxf3 Rb1 54. Qb8 $1 $18) 53. Qf4
Qd1+ 54. Kxh4 Qe1+ 55. Kh3 (55. g3 $4 Qh1+ 56. Qh3 Qa8 $3 $10) 55... Qh1+ 56.
Qh2 Qe1 57. Qc6 $1 Qe3+ 58. Qf3 Qe6+ 59. g4 $18) 52. Qba8 1-0